| 000 | 00692nam a2200217Ii 4500 | ||
|---|---|---|---|
| 003 | JO-AjNU | ||
| 008 | 230606s9999||||xx |||||||||||||| ||und|| | ||
| 020 | _a978-1-4051-1382-3 | ||
| 040 |
_aJO-AjNU _beng _erda _cJO-AjNU |
||
| 041 | _aeng | ||
| 050 | 1 | 4 | _aPE1106.A27 2006 |
| 100 | 3 |
_aAarts,Bas تأليف/Mcmahon,April م.مشارك, _eauthor _92254 |
|
| 245 | 0 | 4 | _aThe Handbook Of English Linguistics |
| 250 | _a1 ed | ||
| 264 | 3 | 1 | _aUK:Blackwell Publishing Ltd,2006 |
| 300 | _a806p | ||
| 336 |
_atext _btxt _2rdacontent |
||
| 337 |
_aunmediated _bn _2rdamedia |
||
| 338 |
_avolume _bnc _2rdacarrier |
||
| 650 | 4 |
_aThe Handbook Of English Linguistics- Linguistics-Handbook,Manuals _92255 |
|
| 999 |
_aE1180 _c1180 _d1180 |
||